| 000 | 00723nam a22001937a 4500 | ||
|---|---|---|---|
| 999 |
_c166658 _d166658 |
||
| 005 | 20190801162036.0 | ||
| 010 | _aUR-10328 | ||
| 020 |
_c300.00 _a789388356565 |
||
| 035 | _aU-8883 | ||
| 037 | _bDBAD/PUB | ||
| 082 | _a921.305 | ||
| 100 | _aبی ا لہا م فا طمہ | ||
| 245 |
_aمنا ظر عا شق ہر گا نو ی _cبی ا لہا م فا طمہ |
||
| 246 |
_bManazir Ashiq Harganvi:Khawateen Qalamkar Ki Nazar Mein (Urdu) _aby B. Ilham Fatima |
||
| 260 |
_aDelhi _bEducational Publishing House _c2018 ء |
||
| 270 |
_a3191,Vakil Street,Kucha Pandit,Lal Kuan, _bDelhi _e110006 _k23214465 _l00911123211540 |
||
| 300 |
_a240 ص _c22 Cm(Hb) |
||
| 942 |
_2ddc _cUR _h921.305 _mم ن ا |
||